[Event "Chigorin Memorial 26th"]
[White "Soloviev, Mikhail2"]
[Black "Bobrov, Vladimir"]
[Site "St Petersburg"]
[Round "4"]
[Result "0-1"]
[Date "2018.10.30"]
[WhiteElo "1636"]
[BlackElo "1219"]
[PlyCount "115"]
[EventDate "2018.10.27"]
[EventType "swiss"]
[EventRounds "9"]
[EventCountry "RUS"]
[SourceTitle "CBM 187 Extra"]
[Source "ChessBase"]
[SourceDate "2018.11.04"]
[SourceVersion "1"]
[SourceVersionDate "2018.11.04"]
[SourceQuality "1"]

1. d4 d5 2. Nf3 Nf6 3. e3 e6 4. Bd3 c5 5. Nbd2 c4 6. Be2 Nc6 7. c3 Bd6 8. Qc2 0-0 9. e4 dxe4 10. Nxe4 Nxe4 11. Qxe4 f5 12. Qc2 b5 13. 0-0 Bb7 14. Ng5 Rf6 15. f4 h6 16. Nf3 Rg6 17. g3 Qc7 18. Ne5 Nxe5 19. fxe5 Be7 20. Qd1 Bg5 21. Bh5 Bxc1 22. Rxc1 Rg5 23. Bf3 Rb8 24. b3 cxb3 25. axb3 Qb6 26. Bxb7 Rxb7 27. Qf3 Rb8 28. Rfd1 Rf8 29. Qd3 f4 30. Rf1 Rxe5 31. Rxf4 Rxf4 32. gxf4 Rf5 33. Qe3 e5 34. fxe5 Qg6+ 35. Kh1 Qc6+ 36. Kg1 Rg5+ 37. Kf1 Qh1+ 38. Ke2 Qxh2+ 39. Kd3 Rg3 40. Re1 Rxe3+ 41. Rxe3 Qh5 42. e6 Kf8 43. e7+ Ke8 44. Re5 Qg6+ 45. Ke3 h5 46. Rxb5 Kxe7 47. Rb7+ Kd8 48. Rxa7 Qe6+ 49. Kf3 Qxb3 50. Rxg7 Qxc3+ 51. Ke4 h4 52. Kd5 h3 53. Rg8+ Ke7 54. Rg7+ Kf8 55. Ra7 h2 56. Ke6 Qc4+ 57. Kf6 Qc6+ 58. Kf5 0-1